| 000 | 01427nam a22003977a 4500 | ||
|---|---|---|---|
| 003 | CHAP | ||
| 005 | 20220329141026.0 | ||
| 008 | 971013s1996 r 00010 d | ||
| 010 | _a61470 | ||
| 011 | _a62442 | ||
| 035 | _a66616 | ||
| 040 | _cCHAP | ||
| 090 | _aTesis | ||
| 100 | 0 | 0 |
_aHernández Moreno, Jacob. _954381 |
| 245 | _aAnálisis de la competitividad de la microindustria mexicana | ||
| 260 |
_aChapingo, Méx. : _bEl autor, _c1996 |
||
| 300 |
_a95 h. _b: gráfs. ; anexos |
||
| 502 | _aTesis (Lic. en Comercio Internacional de Productos Agropecuarios) -- UACH. Departamento de Economía Agrícola | ||
| 590 |
_aALEPH _b10 _c20130110 _lUCH01 _h1342 |
||
| 590 |
_aBATCH-UPD _b10 _c20130110 _lUCH01 _h0512 |
||
| 590 |
_aBATCH-UPD _b10 _c20130110 _lUCH01 _h2304 |
||
| 590 |
_aBATCH-UPD _b10 _c20130410 _lUCH01 _h0150 |
||
| 590 |
_aBATCH-UPD _b10 _c20130410 _lUCH01 _h1556 |
||
| 590 |
_aBATCH-UPD _b10 _c20130914 _lUCH01 _h1633 |
||
| 590 |
_aCONVERSION _b10 _c20130109 _lUCH01 _h1333 |
||
| 650 | 1 | 4 |
_aIndustria _xAdministración. _957683 |
| 650 | 1 | 4 |
_aIndustria _xAspectos económicos. _957690 |
| 650 | 1 | 4 |
_aIndustria _xLeyes. _957748 |
| 650 | 1 | 4 |
_aIndustria _xMéxico. _957751 |
| 650 | 1 | 4 |
_aIndustrialización. _957923 |
| 650 | 1 | 4 |
_aPolítica industrial _zMéxico. _990676 |
| 901 | _aBK | ||
| 942 | _cFOLL | ||
| 949 |
_bBC _cTES _d-151833 _eTS1 _h30548 _i66616 _si |
||
| 949 |
_bBC _cTES _d33724000624680 _eTS2 _fc.2 _h30549 _i66616 _si |
||
| 999 |
_c61470 _d61470 |
||